| 000 | 00683nam a2200241 a 4500 | ||
|---|---|---|---|
| 001 | 82405 | ||
| 003 | BD-RjUL | ||
| 005 | 20231205130707.0 | ||
| 008 | 231205s2018 ii ||||| |||| 00| 0 eng d | ||
| 020 | _a 9789388121033 | ||
| 035 | _a(BD-RjUL)82405 | ||
| 040 |
_aBD-RjUL _beng _cBD-RjUL |
||
| 041 | _aeng | ||
| 082 |
_223 _a954 _bJAE 2018 |
||
| 100 |
_aJaiswal, Anuradha _910349 |
||
| 245 |
_aEncyclopaedia of Indian culture / _cAnuradha Jaiswal |
||
| 260 |
_aNew Delhi : _bWorld Heritage Inc, _c2018 |
||
| 300 |
_a V. : _bill.; _c25 cm. |
||
| 505 | 0 | 1 | _aVol. 1-- Vol. 2-- Vol. 3-- Vol. 4-- Vol. 5-- |
| 650 | _aIndia | ||
| 650 |
_aIndia Civilization _910350 |
||
| 942 |
_2ddc _cREF |
||
| 999 |
_c82405 _d82405 |
||